The last days of Socrates : (Record no. 36321)
[ view plain ]
| 000 -CABECERA | |
|---|---|
| campo de control de longitud fija | 00579nam a2200169 a 4500 |
| 001 - NÚMERO DE CONTROL | |
| campo de control | 000036830 |
| 005 - FECHA Y HORA DE LA ÚLTIMA TRANSACCIÓN | |
| campo de control | 20200930075949.0 |
| 008 - DATOS DE LONGITUD FIJA--INFORMACIÓN GENERAL | |
| campo de control de longitud fija | 120201s1964 xxu 000 0 spa d |
| 040 ## - FUENTE DE LA CATALOGACIÓN | |
| Centro catalogador/agencia de origen | DO-SdBNP |
| Lengua de catalogación | spa |
| Centro/agencia transcriptor | BNPHU |
| 082 ## - NÚMERO DE LA CLASIFICACIÓN DECIMAL DEWEY | |
| Número de clasificación | xxxxx |
| Número de documento/Ítem | xxxx |
| 100 1# - ENTRADA PRINCIPAL--NOMBRE DE PERSONA | |
| Nombre de persona | Platón, |
| Fechas asociadas al nombre | 428?-347 a. C. |
| 9 (RLIN) | 15219 |
| 245 10 - MENCIÓN DE TÍTULO | |
| Título | The last days of Socrates : |
| Resto del título | the apology, crito, phaedo / |
| Mención de responsabilidad, etc. | Plato ; traducción, introducción Hugh thedennick. |
| 260 ## - PUBLICACIÓN, DISTRIBUCIÓN, ETC. | |
| Lugar de publicación, distribución, etc. | Baltimore : |
| Nombre del editor, distribuidor, etc. | Penguin Books, |
| Fecha de publicación, distribución, etc. | 1964. |
| 490 ## - MENCIÓN DE SERIE | |
| Mención de serie | The Penguin Classics |
| Designación de volumen o secuencia | 37 |
| 700 1# - PUNTO DE ACCESO ADICIONAL--NOMBRE DE PERSONA | |
| Nombre de persona | thedennick, Hugh |
| 9 (RLIN) | 63167 |
| 830 #0 - PUNTO DE ACCESO ADICIONAL DE SERIE-TÍTULO UNIFORME | |
| Título uniforme | The Penguin Classics |
| Designación de volumen o secuencia | 37 |
| 9 (RLIN) | 63168 |
| Estado de retiro | Estado de pérdida | Restricciones de uso | No para préstamo | Código de colección | Localización permanente | Ubicación/localización actual | Ubicación en estantería | Fecha de adquisición | Número de inventario | Total de préstamos | Signatura topográfica completa | Código de barras | Fecha visto por última vez | Precio válido a partir de | Tipo de ítem Koha |
|---|---|---|---|---|---|---|---|---|---|---|---|---|---|---|---|
| Monografías: Libros y Folletos | General | General | Orden iniciada | 01.02.2012 | LF1 | xxxxx xxxx | 36830-10 | 25.06.2020 | 25.06.2020 | No se presta |
